MDQL
is popping MORE tags! Check the
thread
!
Quizzes
Events
Quiz Creation
Community
Videos
Private Events
Remove Ads
Sign In
Join for FREE
Feedback
Dark Mode
Quiz Categories
Sports
Geography
Music
Movies
Television
Just For Fun
Miscellaneous
History
Literature
Language
Science
Gaming
Entertainment
Religion
Holiday
For Kids
Quiz Lab
Recent
Popular Today
Quiz Kudos Today
Editor Picks
Curator Picks
Quizzes by...
Day
Popularity
Type
Ratings
Length
Year
Community
Subscriptions
Recent Discussions
Orange Saloon
Badges
Playlists
Quests
Create
Leaderboards
Showdown
Live 5
Trivia Bingo
Activity
Puzzle Library
Sporcle Events
Private Events
Virtual Trivia
Globe League
Become a Host
Pub Owners
SporcleCon
Opinionation
Our Games
Videos
Blog
Mobile Apps
Partnerships
Remove Ads and Go Orange
Feedback
Sports
Athletes
MLB
NBA
NHL
NFL
Soccer
Sports Teams
WWE
NCAA
Football
Premier League
Basketball
Baseball
Hockey
Golf
Tennis
Cricket
Rugby
Auto Racing
Olympics
World Cup
Sports
Athletes
MLB
NBA
NHL
NFL
Soccer
Sports Teams
WWE
NCAA
Football
Premier League
Basketball
Baseball
Hockey
Golf
Tennis
Cricket
Rugby
Auto Racing
Olympics
World Cup
Random Quiz
Search Sporcle
×
Quiz Lab
Quiz Lab
Sports
Auto Racing
Type in answers that appear in a list
Type in answers that appear in a list
Classic
Best Score? Go Orange.
F1 World Championship 1986 Stats
Can you fill in the table for the 1986 Formula One World Drivers' Championship?
By
fosse8
3m
19 Questions
591 Plays
591 Plays
591 Plays
Comments
Comments
Give Quiz Kudos
Give Quiz Kudos
-
- Ratings
hide this ad
More Info
Replay
Link that replays current quiz
Next Quiz
Link to next quiz in quiz playlist
You Got
0%
They Got
Avg Score
69%
Avg Friend Score
Upgrade to see
Score Distribution
Jump to the score distribution portion of the page
Score
0/19
Timer
03:00
0
Plays Today
Pos./Pts.
Driver
% Correct
1st (72)
Alain Prost
96.4%
4th (55)
Ayrton Senna
94.9%
2nd (70)
Nigel Mansell
91.4%
3rd (69)
Nelson Piquet
90.7%
6th (17)
Keke Rosberg
83.7%
7th (17)
Gerhard Berger
83.1%
5th (23)
Stefan Johansson
76.6%
12th (4)
Alan Jones
74.4%
8th (14)
Michele Alboreto
73.4%
8th (14)
René Arnoux
73.4%
Pos./Pts.
Driver
% Correct
8th (14)
Jacques Laffite
67.1%
11th (8)
Martin Brundle
65.1%
15th (2)
Riccardo Patrese
63.2%
15th (2)
Patrick Tambay
61.2%
15th (2)
Teo Fabi
48%
13th (3)
Philippe Streiff
44.2%
18th (1)
Christian Danner
42.7%
13th (3)
Johnny Dumfries
42.2%
18th (1)
Philippe Alliot
40.2%
Quiz Playlist
Details
Report
Send in Message
Add To Playlist
More Info:
Name all the drivers who scored World Championship points in the 1986 F1 Grand Prix season.
Classic:
Type in answers that appear in a list
Last Updated: Mar 30, 2017
Quiz Scoreboard
CHALLENGE
Sign Up to Join the Scoreboard
Show All
Scores
Hide
Comments
May contain spoilers
Recently Published
Two Season TV Shows II
by 123Four
Television
10m
Image Sorting: Flags VI
by Barbecue
Geography
2m
Find the 'City' Movie
by crazypaving
Movies
60s
More to Explore
Quiz From the Vault
Featured Blog Post
14 Easter Pick-up Lines to Find Eggs With
hide this ad
You Might Also Like...
Tags
Auto Racing Quiz
Formula 1
Formula One
Grand Prix
motorsport
Today's Top Quizzes in Sports
Browse Sports
hide this ad
Today's Top Quizzes in Auto Racing
Browse Auto Racing
Top Contributed Quizzes in Sports
1
Les meilleurs buteurs des matchs entre le PSG et l’OM
2
Les entraîneurs de l'OM et du PSG au 21e siècle
3
2022 World Cup Stars
4
Les joueurs passés par le PSG et l'OM
5
Players with Multiple 50 Home Run Seasons
6
FIFA Club World Cup Champions
7
Criteria MLB: Left Handed Sluggers
8
Les joueurs passés par le LOSC et le RC Lens
9
Top 10 NHL Goal Scorers of All Time
10
MLB Players with Two .350 Batting Average Seasons
Explore More
Trending Topics
Kpop
Anime
NBA
Disney
Crossword
Marvel
Harry Potter
Soccer
The Office
Song
NFL
Pokémon
Country
Puzzle
WWE
hide this ad
More By:
fosse8
Quiz
Plays
Rating
Category
Featured
Created
F1 World Championship 1985
557
5.00
Sports
May 9, 2016
Autocourse Top 10s Part 2
762
5.00
Sports
Apr 6, 2016
Autocourse Top 10s Part 1
721
5.00
Sports
Apr 6, 2016
Cricket ODI Cities
691
5.00
Sports
Oct 28, 2015
F1 World Championship 1987
604
5.00
Sports
May 9, 2016
F1 World Championship 1986
591
5.00
Sports
May 9, 2016
Go to Creator's Profile
Score Distribution
Quiz Creator Spotlight
fosse8
Follow
Send a Message
Quizzes Created
-
Created Quiz Play Count
-
More By This Creator
Popular Quizzes Today
1
Find the US States - No Outlines Minefield
2
Colored Red Africa Blitz
3
Find the 'City' Movie
4
5x2 Blitz: Bands
5
The Countries of the World
6
Find the Countries of Europe - No Outlines Minefield
7
Find the US States
8
US States
More Sports Quizzes
2 Clues 1 Answer - Sports
Quiz Lab
Trending Quizzes
Colored Red Europe Blitz I
Colored Red Africa Blitz II
Colored Red Europe Blitz II
Colored Red Europe Blitz III
Colored Red Africa Blitz III
Recently Updated
How Do You Spell That?
pecheneg
Godzilla Movies
pecheneg
Grab Bag: 4-10 Letters
pecheneg
2024 March Madness Bracket
pecheneg
Famous TV Couples
Peacemaker
Champions League XIs: Real Madrid
pecheneg
Largest US Cities 1790-2010
pecheneg
Rides in Walt Disney World
pecheneg
Most Oscar Losses (Acting)
pecheneg
Beyoncé Albums
pecheneg
Trending Topics
Harry Potter
Anime
Disney
Kpop
NBA
Marvel
Crossword
Soccer
WWE
The Office
Pokémon
NFL
Country
Song
Puzzle
Your Account Isn't Verified!
In order to create a playlist on Sporcle, you need to verify the email address you used during registration. Go to your
Sporcle Settings
to finish the process.
Report this User
Report this user for behavior that violates our
Community Guidelines
.
Details:
Send Report
Go to the Sporcle.com Mobile Site →
Comments